Libros españoles en las bibliotecas del mundo : conferencia pronunciada en la Biblioteca Central de la Diputación Provincial de Barcelona con motivo de la Fiesta del Libro de 1961 / José Porter conferencia pronunciada en la Biblioteca Central de la Diputación Provincial de Barcelona con motivo de la Fiesta del Libro de 1961 / José Porter
Descripción Física:
[11] p. ; 24 cm
MARC
| LEADER | 00000nam a2200000Ia 4500 | ||
|---|---|---|---|
| 001 | 14748 | ||
| 008 | 160829s1962 xx 000 0 cat d | ||
| 080 | |a FU-29-27 | ||
| 100 | |a Porter, Josep |9 32375 | ||
| 245 | |a Libros españoles en las bibliotecas del mundo : |b conferencia pronunciada en la Biblioteca Central de la Diputación Provincial de Barcelona con motivo de la Fiesta del Libro de 1961 / José Porter | ||
| 260 | |a Barcelona : |b Casa Provincial de Caridad, |c 1962 | ||
| 300 | |a [11] p. ; |c 24 cm | ||
| 590 | |a Separata de: Catálogo de la producción editorial barcelonesa, p. 65-75 | ||
| 650 | |a Bibliofília |9 31160 | ||
| 650 | |a Espanya |x Bibliografia |9 32376 | ||
| 901 | |a Arxiu | ||
| 942 | |n 1 | ||
| 952 | |0 0 |1 0 |4 0 |6 FU2927 |7 1 |9 45961 |a Arxiu |b Arxiu |d 2016-12-01 |l 0 |o FU-29-27 |p 14748 |r 2016-12-01 00:00:00 |w 2016-12-01 |y ARXIU | ||
| 999 | |c 49462 |d 49462 | ||